[Event "Winnipeg Woodbury Memorial"]
[Site "Winnipeg"]
[Date "2019.11.12"]
[Round "2.4"]
[White "Gregoryanz, Philipp"]
[Black "Czypinski, Jaroslaw"]
[Result "0-1"]
[WhiteElo "1482"]
[BlackElo "1975"]
[PlyCount "34"]
[EventDate "2019.11.05"]
[EventType "swiss"]
[EventRounds "6"]
[EventCountry "CAN"]
[SourceTitle "EXT 2023"]
[Source "ChessBase"]
[SourceDate "2022.10.05"]
[SourceVersion "1"]
[SourceVersionDate "2022.10.05"]
[SourceQuality "1"]

1. e4 d5 2. exd5 Nf6 3. Nc3 Nxd5 4. Nxd5 Qxd5 5. Nf3 e5 6. b3 Bg4 7. Be2 e4 8. c4 Qd8 9. Ne5 Bxe2 10. Qxe2 Qd4 11. Nxf7 Kxf7 12. Rb1 Qd3 13. Qh5+ g6 14. Qe5 Nc6 15. Qxh8 Bg7 16. Qxa8 Nd4 17. Qf8+ Bxf8 0-1

[Event "Winnipeg op"]
[Site "Winnipeg"]
[Date "2019.07.09"]
[Round "5.12"]
[White "Gregoryanz, Philipp"]
[Black "Gannon, Keith"]
[Result "0-1"]
[WhiteElo "1543"]
[BlackElo "1469"]
[PlyCount "130"]
[EventDate "2019.06.04"]
[EventType "swiss"]
[EventRounds "8"]
[EventCountry "CAN"]
[SourceTitle "EXT 2023"]
[Source "ChessBase"]
[SourceDate "2022.10.05"]
[SourceVersion "1"]
[SourceVersionDate "2022.10.05"]
[SourceQuality "1"]

1. e4 e5 2. Nf3 d6 3. Nc3 Nf6 4. d4 exd4 5. Nxd4 Bd7 6. Bc4 Nc6 7. Bg5 Be7 8. Nf5 Bxf5 9. exf5 Ne5 10. Bxf6 Bxf6 11. Qd5 Nxc4 12. Qxc4 Bxc3+ 13. Qxc3 Qe7+ 14. Qe3 Qxe3+ 15. fxe3 0-0-0 16. 0-0 f6 17. a4 Rde8 18. Rfe1 Re4 19. c3 Rhe8 20. Kf2 R8e5 21. Kf3 h5 22. b4 d5 23. Rad1 Rxf5+ 24. Ke2 c6 25. Rd4 Rxd4 26. cxd4 Rg5 27. g3 Rg4 28. Kf3 Re4 29. h3 g5 30. g4 h4 31. a5 a6 32. Ke2 Kc7 33. Rf1 Re6 34. Kd3 b6 35. Ra1 Re4 36. Rb1 Re6 37. Re1 bxa5 38. bxa5 Kd6 39. Rb1 Re8 40. Rb6 Ra8 41. e4 dxe4+ 42. Kxe4 Re8+ 43. Kf5 Re3 44. Rxa6 Rxh3 45. Rb6 Ra3 46. Kxf6 h3 47. Rb2 Rxa5 48. Rh2 Rd5 49. Rxh3 Rxd4 50. Kxg5 c5 51. Kf5 c4 52. g5 Rd3 53. Rh1 c3 54. Rc1 Ke7 55. Kg6 Kf8 56. Kf6 Kg8 57. g6 Rf3+ 58. Kg5 Kg7 59. Ra1 Rg3+ 60. Kf5 c2 61. Ra7+ Kg8 62. Kf6 Rf3+ 63. Kg5 c1Q+ 64. Kh5 Qh1+ 65. Kg5 Qg1+ 0-1

[Event "Winnipeg op"]
[Site "Winnipeg"]
[Date "2019.06.25"]
[Round "4.13"]
[White "Trueman, Francis"]
[Black "Gregoryanz, Philipp"]
[Result "1-0"]
[WhiteElo "1427"]
[BlackElo "1543"]
[PlyCount "62"]
[EventDate "2019.06.04"]
[EventType "swiss"]
[EventRounds "8"]
[EventCountry "CAN"]
[SourceTitle "EXT 2023"]
[Source "ChessBase"]
[SourceDate "2022.10.05"]
[SourceVersion "1"]
[SourceVersionDate "2022.10.05"]
[SourceQuality "1"]

1. e4 e5 2. Nf3 Nc6 3. d3 Nf6 4. Nbd2 Bc5 5. h3 d6 6. g3 Be6 7. Bg2 Qd7 8. a4 a6 9. Ng5 d5 10. Nxe6 Qxe6 11. exd5 Nxd5 12. Ne4 Bb6 13. Qf3 Nd4 14. Qd1 Nf6 15. Nxf6+ Qxf6 16. Be3 0-0 17. c3 Nc6 18. Bxb6 cxb6 19. 0-0 b5 20. axb5 axb5 21. Qb3 b4 22. Rxa8 Rxa8 23. Re1 bxc3 24. bxc3 Qd6 25. Be4 Qd7 26. Bf3 Rd8 27. Be4 Na5 28. Qb6 Nc6 29. Kh2 f5 30. Bxc6 Qxc6 31. Qb3+ Kh8 1-0

[Event "Winnipeg op"]
[Site "Winnipeg"]
[Date "2019.06.04"]
[Round "1.7"]
[White "Lafreniere, Adrian"]
[Black "Gregoryanz, Philipp"]
[Result "1-0"]
[WhiteElo "1931"]
[BlackElo "1543"]
[PlyCount "62"]
[EventDate "2019.06.04"]
[EventType "swiss"]
[EventRounds "8"]
[EventCountry "CAN"]
[SourceTitle "EXT 2023"]
[Source "ChessBase"]
[SourceDate "2022.10.05"]
[SourceVersion "1"]
[SourceVersionDate "2022.10.05"]
[SourceQuality "1"]

1. Nf3 d5 2. d4 Nc6 3. e3 Nf6 4. Nc3 Bg4 5. Be2 e6 6. h3 Bf5 7. Bb5 a6 8. Bxc6+ bxc6 9. Ne5 Qd6 10. 0-0 Nd7 11. f4 Be7 12. Bd2 0-0 13. a3 Nxe5 14. fxe5 Qd8 15. Ne2 c5 16. Bc3 cxd4 17. exd4 c5 18. Kh1 cxd4 19. Nxd4 Be4 20. Nc6 Qc7 21. Nxe7+ Qxe7 22. Bb4 Qh4 23. Qg4 Qxg4 24. hxg4 Rfc8 25. c3 a5 26. Bd6 Ra6 27. Rf2 f5 28. gxf5 exf5 29. Raf1 h5 30. Rf4 Rb6 31. R1f2 g6 1-0

[Event "Winnipeg TNT May op"]
[Site "Winnipeg"]
[Date "2019.05.07"]
[Round "1.4"]
[White "Proulx, Roy"]
[Black "Gregoryanz, Philipp"]
[Result "0-1"]
[WhiteElo "1864"]
[BlackElo "1539"]
[PlyCount "70"]
[EventDate "2019.05.07"]
[EventType "swiss"]
[EventRounds "4"]
[EventCountry "CAN"]
[SourceTitle "EXT 2022"]
[Source "ChessBase"]
[SourceDate "2021.10.06"]
[SourceVersion "1"]
[SourceVersionDate "2021.10.06"]
[SourceQuality "1"]

1. e4 e5 2. Nf3 Nc6 3. Bc4 Be7 4. c3 Nf6 5. d3 d5 6. exd5 Nxd5 7. h3 Be6 8. a3 Qd7 9. Bb5 Bf6 10. Qe2 Nf4 11. Bxf4 exf4 12. Qe4 0-0 13. Qxf4 a6 14. Bxc6 bxc6 15. d4 Rfe8 16. 0-0 Bc4 17. Re1 Rab8 18. Qc1 Bd5 19. Nbd2 Rxe1+ 20. Nxe1 Bg5 21. Qc2 Re8 22. Ndf3 Bf6 23. Qd3 Qc8 24. Nd2 Qb7 25. b4 Bg5 26. c4 Bxd2 27. Qxd2 Bxc4 28. Nf3 Bd5 29. Ne5 Qc8 30. Rc1 Qe6 31. Qc2 Qf6 32. Nxc6 Bxc6 33. Qxc6 Re1+ 34. Kh2 Qf4+ 35. g3 Qxf2+ 0-1

[Event "Winnipeg TNT February op"]
[Site "Winnipeg"]
[Date "2019.02.26"]
[Round "4.10"]
[White "Gregoryanz, Philipp"]
[Black "Ford, Stephen"]
[Result "0-1"]
[WhiteElo "1577"]
[BlackElo "1543"]
[PlyCount "56"]
[EventDate "2019.02.05"]
[EventType "swiss"]
[EventRounds "4"]
[EventCountry "CAN"]
[SourceTitle "EXT 2022"]
[Source "ChessBase"]
[SourceDate "2021.10.06"]
[SourceVersion "1"]
[SourceVersionDate "2021.10.06"]
[SourceQuality "1"]

1. e4 c6 2. d4 d5 3. Nc3 dxe4 4. Nxe4 Bf5 5. Nc3 e6 6. Nf3 Nd7 7. Bf4 Bb4 8. Bd3 Bxd3 9. Qxd3 Ngf6 10. 0-0-0 Ba5 11. h4 0-0 12. Bg5 h6 13. Rde1 Qc7 14. Ne5 Bxc3 15. Qxc3 Nd5 16. Qd2 f6 17. Nxd7 Qxd7 18. Bxh6 gxh6 19. Qxh6 Rf7 20. Rh3 Rh7 21. Rg3+ Kh8 22. Qg6 Rg7 23. Qh5+ Kg8 24. c4 Rxg3 25. fxg3 Nb4 26. Qg4+ Kf8 27. Rxe6 Qg7 28. Qf4 Nd3+ 0-1

[Event "Winnipeg TNT February op"]
[Site "Winnipeg"]
[Date "2019.02.19"]
[Round "3.10"]
[White "Myrzaibraimova, Alia"]
[Black "Gregoryanz, Philipp"]
[Result "1/2-1/2"]
[WhiteElo "1171"]
[BlackElo "1577"]
[PlyCount "120"]
[EventDate "2019.02.05"]
[EventType "swiss"]
[EventRounds "4"]
[EventCountry "CAN"]
[SourceTitle "EXT 2022"]
[Source "ChessBase"]
[SourceDate "2021.10.06"]
[SourceVersion "1"]
[SourceVersionDate "2021.10.06"]
[SourceQuality "1"]

1. e4 e5 2. Nf3 Nc6 3. Nc3 Nf6 4. Bc4 Bc5 5. 0-0 d6 6. d3 Bg4 7. Bg5 h6 8. Bh4 g5 9. Bg3 Qd7 10. h3 Bxh3 11. Bb5 Bg4 12. Nd5 Nxd5 13. exd5 0-0-0 14. dxc6 bxc6 15. Ba6+ Kb8 16. a3 f5 17. Qe2 Bb6 18. b4 e4 19. dxe4 fxe4 20. Qxe4 d5 21. Qd3 Bxf3 22. Qxf3 h5 23. Be5 Rhe8 24. Bf6 Rf8 25. Qc3 Rde8 26. Bd4 h4 27. Bxb6 cxb6 28. Rfe1 g4 29. Rxe8+ Rxe8 30. Re1 Rg8 31. Qe5+ Ka8 32. Qe6 Qxe6 33. Rxe6 c5 34. bxc5 bxc5 35. Rc6 c4 36. Rc8+ Rxc8 37. Bxc8 g3 38. fxg3 hxg3 39. Be6 Kb8 40. Bxd5 c3 41. Kf1 Kc7 42. Ke2 Kd6 43. Bg8 Kc5 44. Kd3 a5 45. Kxc3 a4 46. Bf7 Kb5 47. Be8+ Ka5 48. Bxa4 Kxa4 49. Kc4 Kxa3 50. c3 Kb2 51. Kb4 Kc2 52. c4 Kd2 53. c5 Ke2 54. c6 Kf2 55. c7 Kxg2 56. c8Q Kh2 57. Qc1 g2 58. Qh6+ Kg3 59. Qg6+ Kf2 60. Qxg2+ Kxg2 1/2-1/2

[Event "Winnipeg TNT February op"]
[Site "Winnipeg"]
[Date "2019.02.05"]
[Round "1.1"]
[White "Gregoryanz, Philipp"]
[Black "Abioye, Oyeyemi A"]
[Result "0-1"]
[WhiteElo "1577"]
[BlackElo "2032"]
[PlyCount "45"]
[EventDate "2019.02.05"]
[EventType "swiss"]
[EventRounds "4"]
[EventCountry "CAN"]
[SourceTitle "EXT 2022"]
[Source "ChessBase"]
[SourceDate "2021.10.06"]
[SourceVersion "1"]
[SourceVersionDate "2021.10.06"]
[SourceQuality "1"]

1. e4 e6 2. d4 d5 3. Nc3 Nf6 4. e5 Nfd7 5. Nf3 c5 6. Bg5 Qb6 7. b3 cxd4 8. Nxd4 Bb4 9. Nde2 d4 10. Bd2 dxc3 11. Nxc3 Qd4 12. Qf3 Nxe5 13. Bb5+ Nbc6 14. Bxc6+ bxc6 15. Qg3 Bd6 16. 0-0 Nc4 17. Qg5 Nxd2 18. Rfd1 Qxc3 19. Qxd2 Qxd2 20. Rxd2 Be5 21. Rad1 0-0 22. c4 c5 23. Re1 0-1

[Event "Winnipeg Woodbury Memorial"]
[Site "Winnipeg"]
[Date "2018.12.18"]
[Round "7.11"]
[White "Gregoryanz, Philipp"]
[Black "Magyar, Peter"]
[Result "1/2-1/2"]
[WhiteElo "1594"]
[BlackElo "1480"]
[PlyCount "158"]
[EventDate "2018.11.06"]
[EventType "swiss"]
[EventRounds "7"]
[EventCountry "CAN"]
[SourceTitle "EXT 2022"]
[Source "ChessBase"]
[SourceDate "2021.10.06"]
[SourceVersion "1"]
[SourceVersionDate "2021.10.06"]
[SourceQuality "1"]

1. e4 e6 2. d4 d5 3. Nc3 c5 4. Nf3 Nc6 5. Bb5 Bd7 6. Bxc6 Bxc6 7. e5 cxd4 8. Nxd4 Bc5 9. 0-0 Ne7 10. Be3 Qb6 11. Nxc6 Qxc6 12. Bg5 0-0 13. a3 h6 14. Bh4 Ng6 15. Qh5 Nf4 16. Qg4 Ng6 17. Rfe1 a6 18. Bg3 Ne7 19. Ne2 Nf5 20. Nf4 Be7 21. c3 Bg5 22. Nh5 Qc4 23. f4 Be7 24. Rac1 Kh8 25. Bf2 Qc8 26. Ng3 Nxg3 27. Bxg3 Kh7 28. Rf1 f5 29. exf6 Rxf6 30. Bh4 Rg6 31. Qh3 Bxh4 32. Qxh4 Qc5+ 33. Qf2 Qxf2+ 34. Rxf2 b5 35. f5 Rf6 36. fxe6 Rxe6 37. Rd1 Re5 38. Rfd2 Rd8 39. b3 Re3 40. Rd3 Re5 41. c4 bxc4 42. bxc4 Rde8 43. cxd5 Re2 44. d6 Rb2 45. R3d2 Rxd2 46. Rxd2 Rd8 47. d7 Kg8 48. Rd6 a5 49. Rd5 a4 50. Rd4 Kf7 51. Rxa4 Rxd7 52. Kf2 Rd2+ 53. Kf3 g5 54. h3 h5 55. g4 Rd3+ 56. Kg2 h4 57. Ra8 Kf6 58. a4 Rd2+ 59. Kf1 Rd3 60. Kg2 Rd2+ 61. Kh1 Rd3 62. Rf8+ Kg7 63. Rf5 Rxh3+ 64. Kg2 Rg3+ 65. Kh2 Rxg4 66. a5 Kg6 67. Rb5 Ra4 68. Kh3 Kh5 69. Rd5 Ra3+ 70. Kh2 h3 71. a6 Rxa6 72. Kxh3 Ra3+ 73. Kg2 Kh4 74. Rd2 g4 75. Kh2 Rf3 76. Re2 g3+ 77. Kg2 Kg4 78. Re4+ Rf4 79. Re2 Rf3 1/2-1/2

[Event "Winnipeg Woodbury Memorial"]
[Site "Winnipeg"]
[Date "2018.11.20"]
[Round "3.5"]
[White "Babb, Jeff"]
[Black "Gregoryanz, Philipp"]
[Result "1-0"]
[WhiteElo "2165"]
[BlackElo "1594"]
[PlyCount "71"]
[EventDate "2018.11.06"]
[EventType "swiss"]
[EventRounds "7"]
[EventCountry "CAN"]
[SourceTitle "EXT 2022"]
[Source "ChessBase"]
[SourceDate "2021.10.06"]
[SourceVersion "1"]
[SourceVersionDate "2021.10.06"]
[SourceQuality "1"]

1. e4 e5 2. Nc3 Nf6 3. f4 Nc6 4. fxe5 Nxe5 5. d4 Ng6 6. e5 Ng8 7. Nf3 d5 8. Be2 Bb4 9. 0-0 Bg4 10. Ng5 Be6 11. Nxe6 fxe6 12. Bh5 Qe7 13. Qg4 Nh6 14. Bxh6 gxh6 15. Bxg6+ hxg6 16. Qxg6+ Kd8 17. Rf6 Re8 18. Ne2 Rf8 19. c3 Ba5 20. Rxf8+ Qxf8 21. Qxe6 c6 22. Rf1 Qe7 23. Qg8+ Qe8 24. Rf8 Kd7 25. Rxe8 Rxe8 26. Qg7+ Kc8 27. Qxh6 c5 28. dxc5 Bd8 29. e6 Be7 30. b4 a5 31. a3 Rf8 32. Qg7 Kd8 33. Nd4 axb4 34. axb4 Ke8 35. g3 Bf6 36. Qd7# 1-0

[Event "Winnipeg TNT October op"]
[Site "Winnipeg"]
[Date "2018.10.30"]
[Round "5.2"]
[White "Gregoryanz, Philipp"]
[Black "Abioye, Oyeyemi A"]
[Result "0-1"]
[WhiteElo "1432"]
[BlackElo "1876"]
[PlyCount "106"]
[EventDate "2018.10.02"]
[EventType "swiss"]
[EventRounds "5"]
[EventCountry "CAN"]
[SourceTitle "EXT 2022"]
[Source "ChessBase"]
[SourceDate "2021.10.06"]
[SourceVersion "1"]
[SourceVersionDate "2021.10.06"]
[SourceQuality "1"]

1. e4 e6 2. d4 d5 3. exd5 exd5 4. Nc3 Nf6 5. Nf3 Bg4 6. Be2 c6 7. Bg5 Bb4 8. Qd3 0-0 9. 0-0-0 Nbd7 10. h3 Bh5 11. g4 Bg6 12. Qe3 Qa5 13. Kb1 Bxc3 14. Qxc3 Qxc3 15. bxc3 Ne4 16. Rde1 Nxf2 17. Rh2 Ne4 18. Kb2 Nxg5 19. Nxg5 Rfe8 20. Rhh1 h6 21. Nf3 Be4 22. Rhf1 Bxf3 23. Bxf3 Rxe1 24. Rxe1 Kf8 25. Kb3 Nb6 26. h4 Nc4 27. Re2 a5 28. a4 Rb8 29. Ka2 Re8 30. g5 hxg5 31. hxg5 Rxe2 32. Bxe2 Nd6 33. Bd3 Ne4 34. Bxe4 dxe4 35. Kb2 f5 36. gxf6 gxf6 37. Kc1 e3 38. Kd1 f5 39. Ke2 f4 40. c4 Ke7 41. c3 Ke6 42. Kf3 Kf5 43. c5 e2 44. Kxe2 Ke4 45. Kf2 Kd3 46. Kf3 Kxc3 47. Kxf4 Kxd4 48. Kf5 Kxc5 49. Ke5 Kb4 50. Kd4 b5 51. axb5 cxb5 52. Kd3 Kb3 53. Kd2 Kb2 0-1

[Event "Winnipeg TNT October op"]
[Site "Winnipeg"]
[Date "2018.10.16"]
[Round "3.6"]
[White "Gregoryanz, Philipp"]
[Black "Furda, Evheniya Diana"]
[Result "1-0"]
[WhiteElo "1432"]
[BlackElo "1570"]
[PlyCount "87"]
[EventDate "2018.10.02"]
[EventType "swiss"]
[EventRounds "5"]
[EventCountry "CAN"]
[SourceTitle "EXT 2022"]
[Source "ChessBase"]
[SourceDate "2021.10.06"]
[SourceVersion "1"]
[SourceVersionDate "2021.10.06"]
[SourceQuality "1"]

1. e4 e5 2. Nf3 Nc6 3. d4 exd4 4. Nxd4 Nf6 5. Nc3 Bb4 6. Nxc6 bxc6 7. e5 Nd5 8. Bd2 Nxc3 9. Bxc3 Bxc3+ 10. bxc3 d6 11. Be2 dxe5 12. Qxd8+ Kxd8 13. 0-0 Re8 14. Bf3 Bb7 15. Rab1 Kc8 16. Bg4+ Kb8 17. Bd7 Re6 18. Bxe6 fxe6 19. Rfe1 Kc8 20. Rxe5 Ba6 21. Rxe6 Kd7 22. Rbe1 Rg8 23. R6e4 Bb5 24. Rd4+ Kc8 25. Re7 Rd8 26. Rxd8+ Kxd8 27. Rxg7 h5 28. h4 Bc4 29. a3 Be6 30. Rh7 Bf5 31. Rxh5 Bxc2 32. Rg5 a6 33. h5 Kc8 34. h6 Kb7 35. Rg7 Bf5 36. h7 Bxh7 37. Rxh7 Kb6 38. g4 Kb7 39. g5 Kc8 40. g6 Kb7 41. g7 Kb6 42. g8Q Kb5 43. Rh5+ Kb6 44. Qb8# 1-0

[Event "Winnipeg TNT October op"]
[Site "Winnipeg"]
[Date "2018.10.02"]
[Round "1.5"]
[White "Bince, Rolando"]
[Black "Gregoryanz, Philipp"]
[Result "1-0"]
[WhiteElo "1839"]
[BlackElo "1432"]
[PlyCount "59"]
[EventDate "2018.10.02"]
[EventType "swiss"]
[EventRounds "5"]
[EventCountry "CAN"]
[SourceTitle "EXT 2022"]
[Source "ChessBase"]
[SourceDate "2021.10.06"]
[SourceVersion "1"]
[SourceVersionDate "2021.10.06"]
[SourceQuality "1"]

1. e3 e5 2. c4 Nf6 3. Nc3 d5 4. cxd5 Nxd5 5. Bc4 Nxc3 6. bxc3 Bd6 7. Nf3 0-0 8. 0-0 Bg4 9. h3 e4 10. hxg4 exf3 11. Qxf3 Nd7 12. d4 Qh4 13. Qh3 Qf6 14. e4 Bf4 15. g5 Qxg5 16. Qxd7 Qh4 17. Bxf4 Qxf4 18. Qh3 h6 19. Bd3 Rad8 20. Rad1 Rfe8 21. Rfe1 Re6 22. e5 Rde8 23. Re4 Qg5 24. f4 Qe7 25. f5 Ra6 26. f6 Qa3 27. Rg4 g6 28. Qxh6 Qf8 29. Rxg6+ fxg6 30. Qxg6+ 1-0

[Event "Winnipeg op"]
[Site "Winnipeg"]
[Date "2018.07.10"]
[Round "6"]
[White "Gregoryanz, Philipp"]
[Black "Magyar, Peter"]
[Result "0-1"]
[WhiteElo "1409"]
[BlackElo "1487"]
[PlyCount "88"]
[EventDate "2018.06.05"]
[EventType "swiss"]
[EventRounds "8"]
[EventCountry "CAN"]
[SourceTitle "EXT 2022"]
[Source "ChessBase"]
[SourceDate "2021.10.06"]
[SourceVersion "1"]
[SourceVersionDate "2021.10.06"]
[SourceQuality "1"]

1. e4 e6 2. d4 d5 3. Nc3 c5 4. Nf3 Nc6 5. exd5 exd5 6. Bb5 Nf6 7. Ne5 Bd7 8. Bxc6 bxc6 9. Bg5 Be7 10. Qf3 0-0 11. dxc5 d4 12. Ne2 Qa5+ 13. Bd2 Qxc5 14. Nxd7 Qxc2 15. Nxf8 Kxf8 16. Nxd4 Qxb2 17. Bc3 Bb4 18. Ne2 Qxa1+ 19. Kd2 Rd8+ 20. Kc2 Qxh1 21. Bxb4+ Kg8 22. Ng3 Qxh2 23. Be7 Rd5 24. Bxf6 gxf6 25. Qg4+ Rg5 26. Qc8+ Kg7 27. Qxc6 Qh4 28. Qc8 Qd4 29. Nf5+ Rxf5 30. Qxf5 Qc4+ 31. Kb1 Qf1+ 32. Kb2 Qxg2 33. a4 Qb7+ 34. Ka3 Qe7+ 35. Kb3 Qe6+ 36. Qxe6 fxe6 37. Kb4 h5 38. Kb5 h4 39. Ka6 h3 40. Kxa7 h2 41. a5 h1Q 42. a6 Qc6 43. f4 f5 44. Kb8 Qxa6 0-1

[Event "Winnipeg op"]
[Site "Winnipeg"]
[Date "2018.06.26"]
[Round "4"]
[White "Gregoryanz, Philipp"]
[Black "Flynn, Darren"]
[Result "1-0"]
[WhiteElo "1409"]
[BlackElo "1357"]
[PlyCount "25"]
[EventDate "2018.06.05"]
[EventType "swiss"]
[EventRounds "8"]
[EventCountry "CAN"]
[SourceTitle "EXT 2022"]
[Source "ChessBase"]
[SourceDate "2021.10.06"]
[SourceVersion "1"]
[SourceVersionDate "2021.10.06"]
[SourceQuality "1"]

1. e4 e5 2. Nf3 Nc6 3. d4 exd4 4. Nxd4 Bd6 5. Nc3 Nf6 6. Bc4 0-0 7. Bg5 h6 8. h4 hxg5 9. hxg5 Nh7 10. Qh5 Re8 11. Qxh7+ Kf8 12. Qh8+ Ke7 13. Nf5# 1-0

[Event "Winnipeg TNT June op"]
[Site "Winnipeg"]
[Date "2011.06.21"]
[Round "3"]
[White "Pottinger, Carl"]
[Black "Gregoryanz, Philipp"]
[Result "1-0"]
[WhiteElo "1893"]
[BlackElo "1327"]
[PlyCount "81"]
[EventDate "2011.06.07"]
[EventType "swiss"]
[EventRounds "4"]
[EventCountry "CAN"]
[SourceTitle "EXT 2022"]
[Source "ChessBase"]
[SourceDate "2021.10.06"]
[SourceVersion "1"]
[SourceVersionDate "2021.10.06"]
[SourceQuality "1"]

1. c4 e5 2. g3 Nf6 3. Bg2 Bc5 4. e3 d6 5. Ne2 Nc6 6. 0-0 Bd7 7. Nbc3 0-0 8. a3 a5 9. d4 exd4 10. exd4 Ba7 11. Nb5 Qc8 12. Nxa7 Rxa7 13. Nf4 Ne7 14. b3 b5 15. Bb2 c6 16. d5 Ne8 17. Re1 Nf5 18. Be4 bxc4 19. bxc4 cxd5 20. Bxf5 Bxf5 21. Qd4 Nf6 22. Qxa7 Qxc4 23. Bxf6 gxf6 24. Rac1 Qb3 25. Re3 Qb2 26. Rec3 d4 27. Qxd4 Qb7 28. Qxf6 Bg6 29. Nxg6 fxg6 30. Qxf8+ Kxf8 31. Rc8+ Ke7 32. R8c7+ Qxc7 33. Rxc7+ Ke6 34. Rxh7 Kd5 35. Ra7 Kc4 36. Rxa5 d5 37. Ra6 d4 38. Rxg6 d3 39. h4 Kc3 40. h5 d2 41. Rd6 1-0